000 00919nam0a2200289 4500
001 RU\NLR\bibl\427266
005 20250622175545.0
010 _a5-7784-0225-2
_91000
021 _aRU
_b2003-39674
_91888
035 _a(NLR Aleph) 000421148
090 _a695781
_c695781
100 _a20030808d2003 |||y0rusy50 ca
101 0 _arus
102 _aRU
105 _aa |||||||||
200 1 _aВкус жизни
_eРассказы
_fЖаннетта Пухлий
_g[Худож.: Л. Карпова]
210 _aМ.
_cАГРАФ
_d2003
215 _a252, [2] с.
_cил.
_d20
327 1 _aСодерж.: Разд.: Жаннет; Вкус жизни
686 _aШ6(2=Р)75-440.5
700 1 _aПухлий
_bЖ. А.
_gЖаннетта Александровна
_4070
801 0 _aRU
_bNLR
_c20030808
_gPSBO
801 1 _aRU
_bNLR
_c20030808
942 _cBOOK
980 _aNB